[Event "3. Memorial Oliver Gonzalez 2012 - B"]
[Site "Madrid ESP"]
[Date "2012.09.08"]
[Round "8.28"]
[White "Martinez Hernandez, Noemi"]
[Black "Mateos Cordero, Francisco"]
[Result "1-0"]
[WhiteElo "1893"]
[BlackElo "1506"]
[PlyCount "41"]
[EventDate "2012.09.01"]
[EventType "swiss"]
[EventRounds "9"]
[EventCountry "ESP"]
[Source "lmi"]
[SourceDate "2012.09.01"]

1. d4 d5 2. c3 Nf6 3. e3 e6 4. f4 Nbd7 5. Nf3 a6 6. Bd3 c5 7. O-O cxd4 8. exd4
Be7 9. Nbd2 O-O 10. Ne5 b5 11. Nxd7 Nxd7 12. Nf3 Bd6 13. Ne5 Qb6 14. Kh1 f6 15.
Qh5 f5 16. Rf3 Nf6 17. Qh4 Bxe5 18. fxe5 Ng4 19. h3 Nh6 20. Bxh6 gxh6 21. Qe7
1-0

[Event "3. Memorial Oliver Gonzalez 2012 - B"]
[Site "Madrid ESP"]
[Date "2012.09.08"]
[Round "8.30"]
[White "Sanchez Gomez, Emiliano"]
[Black "Tevar Becerra, Alvaro"]
[Result "1/2-1/2"]
[WhiteElo "1933"]
[BlackElo "1559"]
[PlyCount "72"]
[EventDate "2012.09.01"]
[EventType "swiss"]
[EventRounds "9"]
[EventCountry "ESP"]
[Source "lmi"]
[SourceDate "2012.09.01"]

1. e4 e5 2. Nf3 Nc6 3. Bb5 d6 4. d4 Bd7 5. Nc3 exd4 6. Nxd4 Nxd4 7. Bxd7+ Qxd7
8. Qxd4 c5 9. Qd3 Nf6 10. h3 Be7 11. Bf4 Rd8 12. O-O O-O 13. Rad1 a6 14. a4 Qc6
15. Rfe1 Rd7 16. b3 Rfd8 17. Nd5 Nxd5 18. exd5 Qc7 19. Re2 Bf8 20. Rde1 h6 21.
c4 Re7 22. Qg3 Rxe2 23. Rxe2 g6 24. Bd2 Qd7 25. Qe3 b6 26. Bc3 Bg7 27. Bxg7
Kxg7 28. Qc3+ Kg8 29. Qf6 Re8 30. Rxe8+ Qxe8 31. Qxd6 Qe1+ 32. Kh2 Qxf2 33. Qe5
f6 34. Qg3 Qf5 35. Qe3 h5 36. h4 Kf7 1/2-1/2

[Event "3. Memorial Oliver Gonzalez 2012 - B"]
[Site "Madrid ESP"]
[Date "2012.09.08"]
[Round "8.32"]
[White "Sanchez Tapia, Luis G"]
[Black "Magan Gonzalez, Alberto"]
[Result "0-1"]
[WhiteElo "1605"]
[BlackElo "1850"]
[PlyCount "42"]
[EventDate "2012.09.01"]
[EventType "swiss"]
[EventRounds "9"]
[EventCountry "ESP"]
[Source "lmi"]
[SourceDate "2012.09.01"]

1. Nf3 c5 2. b3 Nc6 3. Bb2 e6 4. g3 Nf6 5. Bg2 Be7 6. O-O O-O 7. c4 d5 8. cxd5
exd5 9. d4 cxd4 10. Nxd4 Nxd4 11. Bxd4 Bf5 12. f3 Rc8 13. Bxa7 b6 14. g4 Bxb1
15. Qxb1 Qc7 16. Bxb6 Qxb6+ 17. Kh1 Qe3 18. a3 Bd6 19. Qf5 Be5 20. f4 Bxa1 21.
Rxa1 Rc1+ 0-1

[Event "3. Memorial Oliver Gonzalez 2012 - B"]
[Site "Madrid ESP"]
[Date "2012.09.08"]
[Round "8.34"]
[White "Galan Aguado, Fernando"]
[Black "Perez Carballeira, Francisco"]
[Result "1/2-1/2"]
[WhiteElo "1820"]
[BlackElo "1585"]
[PlyCount "86"]
[EventDate "2012.09.01"]
[EventType "swiss"]
[EventRounds "9"]
[EventCountry "ESP"]
[Source "lmi"]
[SourceDate "2012.09.01"]

1. d4 d5 2. Nf3 Nf6 3. c4 c6 4. Nc3 dxc4 5. a4 Bg4 6. Ne5 Bh5 7. Nxc4 e6 8. Qb3
b6 9. g3 Be7 10. Bg2 Qxd4 11. Be3 Qd7 12. Rd1 Nd5 13. Bf4 O-O 14. O-O Na6 15.
Rd2 Qc8 16. Nxd5 cxd5 17. Ne5 Nc5 18. Qa2 Qa6 19. g4 Bg6 20. b3 Rac8 21. f3 Bf6
22. Nxg6 hxg6 23. Rc1 Rfd8 24. Bf1 e5 25. Bg3 Bg5 26. f4 exf4 27. Bf2 Qb7 28.
h4 Bf6 29. Bh3 Rc7 30. Bg2 Rcd7 31. g5 Be5 32. Rcd1 Ne4 33. Bd4 Bxd4+ 34. Rxd4
Nc3 35. Qd2 Nxd1 36. Qxd1 Qc6 37. Rxf4 Qc3 38. Rd4 Qe3+ 39. Kf1 Qe5 40. Kf2
Qf5+ 41. Kg1 Rd6 42. e4 Qf4 43. exd5 Qg3 1/2-1/2

[Event "3. Memorial Oliver Gonzalez 2012 - B"]
[Site "Madrid ESP"]
[Date "2012.09.08"]
[Round "8.36"]
[White "Rodriguez Bernal, Herman"]
[Black "Lianes Garcia, Marcos"]
[Result "1/2-1/2"]
[WhiteElo "1780"]
[BlackElo "1627"]
[PlyCount "106"]
[EventDate "2012.09.01"]
[EventType "swiss"]
[EventRounds "9"]
[EventCountry "ESP"]
[Source "lmi"]
[SourceDate "2012.09.01"]

1. d4 d5 2. c4 e6 3. Nf3 Nf6 4. Bg5 Be7 5. Nc3 h6 6. Bh4 O-O 7. e3 c6 8. cxd5
cxd5 9. Bxf6 Bxf6 10. Qc2 Nc6 11. Rd1 Bd7 12. Be2 Rc8 13. O-O a6 14. a4 Be7 15.
Qb3 Na5 16. Qa2 Bd6 17. e4 Bc6 18. exd5 Bxd5 19. Nxd5 exd5 20. Kh1 Bb8 21. Ne5
Bxe5 22. dxe5 d4 23. Rd2 Qb6 24. Rfd1 Rfd8 25. Bh5 g6 26. Bg4 Rc6 27. Bf3 Rc7
28. Bd5 Qc5 29. Bf3 Qxe5 30. g3 Rcd7 31. b4 Nc6 32. Bxc6 bxc6 33. Qc4 Qd5+ 34.
Qxd5 Rxd5 35. Kg2 f5 36. Kf3 d3 37. Rc1 R8d6 38. Rc3 h5 39. Ke3 Re5+ 40. Kf3
Re4 41. Rdxd3 Rxd3+ 42. Rxd3 Rxb4 43. Rd6 Kg7 44. Rxc6 Rxa4 45. h4 a5 46. Ke3
Ra2 47. Ra6 a4 48. f3 a3 49. Kf4 Kh6 50. Ra7 Ra1 51. Ra6 a2 52. Ra7 Rb1 53.
Rxa2 Rb5 1/2-1/2

[Event "3. Memorial Oliver Gonzalez 2012 - B"]
[Site "Madrid ESP"]
[Date "2012.09.08"]
[Round "8.37"]
[White "Alvarez Gonzalez, Eduardo"]
[Black "Siu Burillo, Joaquin"]
[Result "1/2-1/2"]
[WhiteElo "1771"]
[BlackElo "1368"]
[PlyCount "89"]
[EventDate "2012.09.01"]
[EventType "swiss"]
[EventRounds "9"]
[EventCountry "ESP"]
[Source "lmi"]
[SourceDate "2012.09.01"]

1. d4 Nf6 2. Nf3 d5 3. c4 e6 4. Bg5 Nbd7 5. Nc3 c6 6. e3 Be7 7. Rc1 O-O 8. Bd3
dxc4 9. Bxc4 h6 10. Bh4 Nd5 11. Bxe7 Qxe7 12. O-O Nxc3 13. Rxc3 Re8 14. Qb3 Nb6
15. Bd3 Nd7 16. Rfc1 e5 17. dxe5 Nxe5 18. Nxe5 Qxe5 19. Rc5 Qd6 20. Be2 Re7 21.
Qc2 Be6 22. Rd1 Qc7 23. b4 Rd7 24. Rxd7 Qxd7 25. Bf3 Rd8 26. Kf1 Qd6 27. b5
cxb5 28. Rc3 Bd5 29. Bxd5 Qxd5 30. Rc5 Qd1+ 31. Qxd1 Rxd1+ 32. Ke2 Rb1 33. Rc2
Rb4 34. Kd3 b6 35. f4 f5 36. h4 h5 37. Ke2 Rc4 38. Rd2 Kh7 39. Kf3 Ra4 40. Rb2
Kg6 41. Ke2 Re4 42. Rd2 Kf6 43. Rd6+ Ke7 44. Rg6 Kf7 45. Rd6 1/2-1/2

[Event "3. Memorial Oliver Gonzalez 2012 - B"]
[Site "Madrid ESP"]
[Date "2012.09.08"]
[Round "8.41"]
[White "Tolosana Esteban, Enrique"]
[Black "Romero Jaime, Pedro"]
[Result "1-0"]
[WhiteElo "1799"]
[BlackElo "1665"]
[PlyCount "65"]
[EventDate "2012.09.01"]
[EventType "swiss"]
[EventRounds "9"]
[EventCountry "ESP"]
[Source "lmi"]
[SourceDate "2012.09.01"]

1. f4 e5 2. fxe5 d6 3. Nf3 Bf5 4. Nc3 dxe5 5. e4 Bg6 6. Bc4 Bc5 7. d3 Nc6 8.
Na4 Qd6 9. Nxc5 Qxc5 10. c3 a5 11. Qe2 O-O-O 12. Be3 Qd6 13. O-O-O h6 14. Nh4
Bh7 15. Qg4+ Kb8 16. Qxg7 Nge7 17. Bxf7 Rdf8 18. Rhf1 Nd8 19. Bc4 Re8 20. Rf6
Qd7 21. Rxh6 b5 22. Bb3 a4 23. Bc2 Ne6 24. Qxe5 Nd8 25. Qc5 Nc8 26. Nf3 Ne6 27.
Qb4 Nb6 28. Bxb6 cxb6 29. d4 Rc8 30. Ne5 Qg7 31. Rxe6 Qxg2 32. Rxb6+ Ka7 33.
Qa5# 1-0

[Event "3. Memorial Oliver Gonzalez 2012 - B"]
[Site "Madrid ESP"]
[Date "2012.09.08"]
[Round "8.42"]
[White "Duque Suarez, Leonardo"]
[Black "Sanchez Romero, Ruben"]
[Result "1-0"]
[WhiteElo "1640"]
[BlackElo "1788"]
[PlyCount "53"]
[EventDate "2012.09.01"]
[EventType "swiss"]
[EventRounds "9"]
[EventCountry "ESP"]
[Source "lmi"]
[SourceDate "2012.09.01"]

1. e4 c5 2. Nf3 d6 3. Bb5+ Bd7 4. Bxd7+ Nxd7 5. c4 g6 6. Nc3 Ngf6 7. O-O Bg7 8.
d4 cxd4 9. Nxd4 O-O 10. Be3 a6 11. h3 Rc8 12. b3 Qa5 13. Rc1 Rc7 14. Qd2 Qh5
15. Nde2 Re8 16. Nf4 Qa5 17. Rfd1 Rc6 18. Nd3 Rec8 19. b4 Qc7 20. Nd5 Nxd5 21.
cxd5 Rc3 22. Rxc3 Qxc3 23. Rc1 Qa3 24. Rxc8+ Nf8 25. Bh6 f6 26. Rc7 Qa4 27.
Bxg7 1-0

[Event "3. Memorial Oliver Gonzalez 2012 - B"]
[Site "Madrid ESP"]
[Date "2012.09.08"]
[Round "8.44"]
[White "Morona Minguez, Miguel"]
[Black "Fernandez Rodriguez, Fernando"]
[Result "1/2-1/2"]
[WhiteElo "1631"]
[BlackElo "1728"]
[PlyCount "34"]
[EventDate "2012.09.01"]
[EventType "swiss"]
[EventRounds "9"]
[EventCountry "ESP"]
[Source "lmi"]
[SourceDate "2012.09.01"]

1. e4 e5 2. Nf3 Nc6 3. Bb5 a6 4. Ba4 Nf6 5. O-O b5 6. Bb3 Be7 7. c3 d6 8. d3
Na5 9. Bc2 c5 10. Nbd2 O-O 11. Re1 Bd7 12. Nf1 Qc7 13. Ng3 Rfe8 14. Bg5 h6 15.
Bxf6 Bxf6 16. Qd2 Nc6 17. h3 Rad8 1/2-1/2

[Event "3. Memorial Oliver Gonzalez 2012 - B"]
[Site "Madrid ESP"]
[Date "2012.09.08"]
[Round "8.46"]
[White "Salgado Duarte, Pablo"]
[Black "Garcia Hernandez, Javier"]
[Result "1-0"]
[WhiteElo "1579"]
[BlackElo "1721"]
[PlyCount "125"]
[EventDate "2012.09.01"]
[EventType "swiss"]
[EventRounds "9"]
[EventCountry "ESP"]
[Source "lmi"]
[SourceDate "2012.09.01"]

1. d4 e6 2. c4 Nf6 3. Nc3 Bb4 4. Bd2 b6 5. Nf3 Bb7 6. e3 O-O 7. Be2 d6 8. a3
Bxc3 9. Bxc3 Ne4 10. Qc2 Nxc3 11. Qxc3 Nd7 12. O-O Nf6 13. Nd2 Ne4 14. Nxe4
Bxe4 15. Bd3 Bxd3 16. Qxd3 Qf6 17. f4 c5 18. Rab1 cxd4 19. exd4 g6 20. b3 Rfd8
21. Rbd1 d5 22. c5 bxc5 23. dxc5 Rdc8 24. b4 a5 25. Qd4 Qxd4+ 26. Rxd4 axb4 27.
axb4 Ra2 28. Rb1 Kf8 29. Rdd1 Rca8 30. Rf1 Rc2 31. Rf2 Raa2 32. Rxc2 Rxc2 33.
Kf1 Ke7 34. h3 Kd7 35. g4 Rc4 36. Ke2 Rxf4 37. b5 Rc4 38. c6+ Kc8 39. Kd3 f5
40. gxf5 gxf5 41. Rg1 Rb4 42. Rg8+ Kc7 43. Rg7+ Kd8 44. Rb7 Rc4 45. Rxh7 Rc5
46. Rb7 e5 47. h4 d4 48. h5 Rc3+ 49. Kd2 Rh3 50. b6 Rh2+ 51. Kc1 Rxh5 52. Rb8+
Ke7 53. c7 Rh1+ 54. Kd2 Rh2+ 55. Ke1 Rh1+ 56. Kf2 Rh2+ 57. Kg3 Re2 58. c8=Q
Re3+ 59. Kf2 e4 60. Rb7+ Kf6 61. Qc6+ Ke5 62. Re7+ Kf4 63. Qh6+ 1-0

[Event "3. Memorial Oliver Gonzalez 2012 - B"]
[Site "Madrid ESP"]
[Date "2012.09.08"]
[Round "8.47"]
[White "Serrano Leiva, Ana"]
[Black "Hernandez Mateo, Borja"]
[Result "1/2-1/2"]
[WhiteElo "1539"]
[BlackElo "1719"]
[PlyCount "81"]
[EventDate "2012.09.01"]
[EventType "swiss"]
[EventRounds "9"]
[EventCountry "ESP"]
[Source "lmi"]
[SourceDate "2012.09.01"]

1. e4 c5 2. Nf3 d6 3. d4 cxd4 4. Nxd4 Nf6 5. Nc3 e5 6. Nb3 a6 7. Be2 Be7 8. O-O
Be6 9. Kh1 Nbd7 10. f4 b5 11. f5 Bxb3 12. axb3 O-O 13. Bf3 h6 14. Be3 Qc7 15.
g4 b4 16. Ne2 Nh7 17. Ng1 Rfc8 18. Rf2 Nc5 19. Nh3 Qc6 20. Qd5 Qxd5 21. exd5
Bh4 22. Re2 Nd7 23. Nf2 Ndf6 24. Ne4 Nxe4 25. Bxe4 Nf6 26. Bf3 e4 27. Bg2 Nxg4
28. Bf4 Rd8 29. Bxe4 Bf6 30. Rg2 Ne5 31. Bxh6 Nd7 32. Bxg7 Bxg7 33. Rag1 Nf6
34. Rxg7+ Kf8 35. Bf3 Rac8 36. R7g2 Rc5 37. Rd2 Rdc8 38. Rgg2 Ra5 39. Rd1 Rac5
40. Rc1 Nxd5 41. Re2 1/2-1/2

[Event "3. Memorial Oliver Gonzalez 2012 - B"]
[Site "Madrid ESP"]
[Date "2012.09.08"]
[Round "8.48"]
[White "Cortijo Manso, Luis"]
[Black "Lacaci Otero, Ivan"]
[Result "0-1"]
[WhiteElo "1534"]
[BlackElo "1686"]
[PlyCount "98"]
[EventDate "2012.09.01"]
[EventType "swiss"]
[EventRounds "9"]
[EventCountry "ESP"]
[Source "lmi"]
[SourceDate "2012.09.01"]

1. d4 Nf6 2. Nf3 g6 3. g3 Bg7 4. Bg2 O-O 5. O-O c5 6. d5 d6 7. c4 Bd7 8. Nc3 a6
9. a4 Qc8 10. e4 Ng4 11. Qc2 Ne5 12. Nxe5 Bxe5 13. Bh6 Re8 14. Ne2 Bh3 15. Nf4
Bxg2 16. Kxg2 e6 17. Rad1 exd5 18. Nxd5 Qd8 19. Bf4 Nc6 20. Bxe5 Rxe5 21. Qc3
Nd4 22. Qe3 f5 23. f3 Qf8 24. Qg5 fxe4 25. Qf6 exf3+ 26. Kh1 Qxf6 27. Nxf6+ Kg7
28. Nd5 Re2 29. b4 Rae8 30. b5 Rg2 31. Nf4 Rc2 32. Rc1 Rxc1 33. Rxc1 g5 34. Nd3
Re2 35. Kg1 Rd2 36. Re1 Rxd3 37. Re7+ Kf6 38. Rxb7 axb5 39. axb5 Rc3 40. Rxh7
Rxc4 41. b6 Rc2 42. b7 Rb2 43. Rd7 Ke5 44. Rg7 Ke4 45. Re7+ Kd3 46. h4 gxh4 47.
gxh4 Nf5 48. Rh7 f2+ 49. Kf1 Ne3# 0-1

[Event "3. Memorial Oliver Gonzalez 2012 - B"]
[Site "Madrid ESP"]
[Date "2012.09.08"]
[Round "8.49"]
[White "Vazquez Cabeza, Isaac"]
[Black "Garcia Lopez, Fernando"]
[Result "1/2-1/2"]
[WhiteElo "1462"]
[BlackElo "1678"]
[PlyCount "103"]
[EventDate "2012.09.01"]
[EventType "swiss"]
[EventRounds "9"]
[EventCountry "ESP"]
[Source "lmi"]
[SourceDate "2012.09.01"]

1. c4 Nf6 2. Nc3 e6 3. d3 d5 4. cxd5 Nxd5 5. g3 Nd7 6. Bg2 N7f6 7. Bd2 c6 8.
Nf3 Bd6 9. O-O O-O 10. a3 Re8 11. Qc2 e5 12. Rfe1 Bg4 13. h3 Bh5 14. Kh2 a6 15.
Rab1 Bg6 16. Nh4 Bh5 17. Nf5 Bc7 18. Ne3 Rc8 19. Nexd5 cxd5 20. Qb3 Bb6 21. Kg1
d4 22. Ne4 Nxe4 23. Bxe4 Rb8 24. Rbc1 Bg6 25. Bxg6 hxg6 26. h4 Re6 27. Kg2 Rc6
28. Rxc6 bxc6 29. Qa4 Qc8 30. Rc1 c5 31. b4 Ba7 32. e3 Rb5 33. Qb3 Rb7 34. Qc4
Rc7 35. a4 Bb6 36. b5 a5 37. e4 Kf8 38. f3 Qd7 39. Rc2 f6 40. g4 Qf7 41. Kg3
Qxc4 42. Rxc4 Rf7 43. f4 Ke7 44. f5 gxf5 45. gxf5 Rf8 46. Kg4 Rg8 47. h5 Kd8
48. Bc1 Kc7 49. Bd2 Kb7 50. Bc1 Ba7 51. Bd2 Bb6 52. Bc1 1/2-1/2

[Event "3. Memorial Oliver Gonzalez 2012 - B"]
[Site "Madrid ESP"]
[Date "2012.09.08"]
[Round "8.50"]
[White "Yaniz Lana, Francisco Javier"]
[Black "Melcon Mediavilla, Rodrigo"]
[Result "1-0"]
[WhiteElo "1667"]
[BlackElo "1453"]
[PlyCount "124"]
[EventDate "2012.09.01"]
[EventType "swiss"]
[EventRounds "9"]
[EventCountry "ESP"]
[Source "lmi"]
[SourceDate "2012.09.01"]

1. d4 Nf6 2. Bf4 c5 3. e3 cxd4 4. exd4 Nc6 5. c3 d5 6. Bd3 g6 7. Qd2 h6 8. h3
Bg7 9. Nf3 Qb6 10. O-O O-O 11. b4 Kh7 12. Re1 Nd7 13. Na3 Re8 14. Nb5 e5 15.
Nd6 Re7 16. Nf5 gxf5 17. Bxf5+ Kg8 18. Bxh6 Bxh6 19. Qxh6 f6 20. Nh4 Nf8 21.
Re3 Qc7 22. Rg3+ Rg7 23. Qxf6 exd4 24. b5 Rxg3 25. fxg3 Ne7 26. Qg5+ Kh8 27.
Qf6+ Kg8 28. Qg5+ Kh8 29. cxd4 Nxf5 30. Nxf5 Bxf5 31. Qxf5 Qxg3 32. Qxd5 Ng6
33. Rf1 Rg8 34. Rf7 Rg7 35. Rxg7 Kxg7 36. Qxb7+ Kh6 37. Qc6 Kh5 38. Qf3+ Qxf3
39. gxf3 Ne7 40. a4 Nd5 41. a5 Kg5 42. Kg2 Kf4 43. Kf2 Kf5 44. Kg3 Kg5 45. h4+
Kh5 46. f4 Kg6 47. Kf3 Kf5 48. h5 Nc3 49. b6 axb6 50. axb6 Nb5 51. Ke3 Nd6 52.
h6 Kg6 53. Kd3 Kxh6 54. d5 Kg6 55. Kd4 Nb7 56. Ke5 Kf7 57. d6 Nd8 58. f5 Nb7
59. Kd5 Nd8 60. Ke5 Ke8 61. f6 Kd7 62. b7 Nf7+ 1-0

[Event "3. Memorial Oliver Gonzalez 2012 - B"]
[Site "Madrid ESP"]
[Date "2012.09.08"]
[Round "8.53"]
[White "Melcon Diez, Enrique"]
[Black "Casado Izquierdo, David"]
[Result "1-0"]
[WhiteElo "1635"]
[BlackElo "1730"]
[PlyCount "57"]
[EventDate "2012.09.01"]
[EventType "swiss"]
[EventRounds "9"]
[EventCountry "ESP"]
[Source "lmi"]
[SourceDate "2012.09.01"]

1. c4 e5 2. Nc3 Nf6 3. Nf3 Nc6 4. g3 Bc5 5. Bg2 d6 6. O-O O-O 7. e3 Bg4 8. h3
Bh5 9. d4 exd4 10. exd4 Bxd4 11. Nd5 Bxf3 12. Bxf3 Nd7 13. Be4 g6 14. Bh6 Bg7
15. Qd2 f5 16. Bg2 Bxh6 17. Qxh6 Nce5 18. Nf4 Nc5 19. Bd5+ Kh8 20. b4 c6 21.
bxc5 cxd5 22. Ne6 Qe7 23. Nxf8 Rxf8 24. cxd6 Qxd6 25. cxd5 Nf3+ 26. Kg2 Re8 27.
Rfd1 Qb4 28. Qf4 Ne1+ 29. Rxe1 1-0

[Event "3. Memorial Oliver Gonzalez 2012 - B"]
[Site "Madrid ESP"]
[Date "2012.09.08"]
[Round "8.54"]
[White "Folgar Lopez, Angel"]
[Black "Rodriguez Gomez, Jose"]
[Result "0-1"]
[WhiteElo "1622"]
[BlackElo "1716"]
[PlyCount "68"]
[EventDate "2012.09.01"]
[EventType "swiss"]
[EventRounds "9"]
[EventCountry "ESP"]
[Source "lmi"]
[SourceDate "2012.09.01"]

1. d4 d5 2. Nf3 Nf6 3. e3 e6 4. Bd3 Bd6 5. Nbd2 Nbd7 6. O-O O-O 7. c3 e5 8. e4
Re8 9. Re1 c6 10. Bc2 Qb6 11. h3 h6 12. Nf1 dxe4 13. Bxe4 Nxe4 14. Rxe4 Qd8 15.
Ng3 Nf6 16. Re1 exd4 17. Rxe8+ Qxe8 18. Qxd4 Bc7 19. Bd2 Be6 20. Re1 Qf8 21. c4
Bb6 22. Qc3 Qd6 23. Bxh6 Qxg3 24. Be3 Bxe3 25. Rxe3 Qf4 26. Ne5 Rd8 27. g3 Qf5
28. g4 Qf4 29. Rf3 Rd1+ 30. Kg2 Qc1 31. Qa5 Rg1+ 32. Kh2 Rh1+ 33. Kg3 Ne4+ 34.
Kh4 Qh6# 0-1

[Event "3. Memorial Oliver Gonzalez 2012 - B"]
[Site "Madrid ESP"]
[Date "2012.09.08"]
[Round "8.55"]
[White "Zhynguel Ramirez De Verger, Al"]
[Black "Nuñez Barranco, Lucia"]
[Result "1-0"]
[WhiteElo "1704"]
[BlackElo "1472"]
[PlyCount "47"]
[EventDate "2012.09.01"]
[EventType "swiss"]
[EventRounds "9"]
[EventCountry "ESP"]
[Source "lmi"]
[SourceDate "2012.09.01"]

1. d4 d5 2. Bf4 Nf6 3. e3 Bf5 4. Nf3 e6 5. Ne5 Bd6 6. Nd2 Nbd7 7. Be2 Qe7 8. g4
Be4 9. f3 Bg6 10. h4 h5 11. Nxg6 fxg6 12. Bxd6 Qxd6 13. g5 Ng8 14. f4 Ne7 15.
c3 Nf5 16. Kf2 O-O-O 17. b4 b6 18. Qa4 Kb8 19. Qa6 c5 20. bxc5 bxc5 21. Rab1+
Nb6 22. a4 Kc7 23. Qxa7+ Kc8 24. Ba6# 1-0

[Event "3. Memorial Oliver Gonzalez 2012 - B"]
[Site "Madrid ESP"]
[Date "2012.09.08"]
[Round "8.57"]
[White "Hernandez Ramos, Alberto"]
[Black "Fernandez Garcia, Ignacio"]
[Result "0-1"]
[WhiteElo "1422"]
[BlackElo "1832"]
[PlyCount "60"]
[EventDate "2012.09.01"]
[EventType "swiss"]
[EventRounds "9"]
[EventCountry "ESP"]
[Source "lmi"]
[SourceDate "2012.09.01"]

1. e4 d6 2. d4 g6 3. Nf3 Bg7 4. Bf4 Nf6 5. Nc3 O-O 6. h3 Nc6 7. Bc4 Nd7 8. O-O
e5 9. Bg5 Bf6 10. Bxf6 Nxf6 11. d5 Ne7 12. Qd2 Kg7 13. Rad1 Nh5 14. Ne2 h6 15.
g4 Nf6 16. Ng3 g5 17. Kh1 Ng6 18. Rg1 Nf4 19. h4 Bxg4 20. Be2 Qd7 21. Kh2 Kh8
22. Nf5 Bxf5 23. exf5 Qxf5 24. Bf1 gxh4 25. Qb4 Ng4+ 26. Kh1 Nxf2+ 27. Kh2 Nxd1
28. Qxb7 Qxc2+ 29. Bg2 Qf2 30. Rxd1 Qxg2# 0-1

[Event "3. Memorial Oliver Gonzalez 2012 - B"]
[Site "Madrid ESP"]
[Date "2012.09.09"]
[Round "9.1"]
[White "Fernandez Gil, Ruben Carlos"]
[Black "Zanoletty Garcia, David"]
[Result "1/2-1/2"]
[WhiteElo "1891"]
[BlackElo "1962"]
[PlyCount "60"]
[EventDate "2012.09.01"]
[EventType "swiss"]
[EventRounds "9"]
[EventCountry "ESP"]
[Source "lmi"]
[SourceDate "2012.09.01"]

1. e4 e6 2. d4 d5 3. Nc3 Nf6 4. e5 Nfd7 5. f4 c5 6. Nf3 Nc6 7. Be3 a6 8. Qd2 b5
9. g4 cxd4 10. Nxd4 Qh4+ 11. Bf2 Nxd4 12. Bxh4 Nf3+ 13. Ke2 Nxd2 14. Kxd2 Nc5
15. Bg2 b4 16. Ne2 Ne4+ 17. Bxe4 dxe4 18. Ng3 e3+ 19. Kxe3 Bc5+ 20. Ke2 Bb7 21.
Rhd1 Bd5 22. Nf1 Rc8 23. Ne3 Bxe3 24. Kxe3 Rxc2 25. Rac1 Rxc1 26. Rxc1 Kd7 27.
Be1 Bxa2 28. Bxb4 Rc8 29. Rxc8 Kxc8 30. Bf8 g6 1/2-1/2

[Event "3. Memorial Oliver Gonzalez 2012 - B"]
[Site "Madrid ESP"]
[Date "2012.09.09"]
[Round "9.2"]
[White "Lopez De Turiso, Jose Angel"]
[Black "Rasskin Friederichs, Ivan"]
[Result "1/2-1/2"]
[WhiteElo "2046"]
[BlackElo "2015"]
[PlyCount "65"]
[EventDate "2012.09.01"]
[EventType "swiss"]
[EventRounds "9"]
[EventCountry "ESP"]
[Source "lmi"]
[SourceDate "2012.09.01"]

1. c4 Nf6 2. Nc3 g6 3. e4 d6 4. g3 Bg7 5. Bg2 O-O 6. Nge2 e5 7. O-O Be6 8. d3
Qd7 9. f4 Nc6 10. Nd5 Bg4 11. Ne3 Bxe2 12. Qxe2 exf4 13. gxf4 Nd4 14. Qf2 Ng4
15. Nxg4 Qxg4 16. Be3 c5 17. Rab1 a5 18. Kh1 Qd7 19. f5 Be5 20. Bxd4 Bxd4 21.
Qh4 f6 22. fxg6 hxg6 23. Bh3 Qh7 24. Be6+ Kg7 25. Qxh7+ Kxh7 26. Rf3 Kg7 27.
Rh3 Rh8 28. Rxh8 Rxh8 29. Bg4 Rh4 30. h3 Kh6 31. b3 Kg5 32. Rf1 Be3 33. Kg2
1/2-1/2

[Event "3. Memorial Oliver Gonzalez 2012 - B"]
[Site "Madrid ESP"]
[Date "2012.09.09"]
[Round "9.3"]
[White "Avendaño Mateos, Jose"]
[Black "Vazquez Gonzalez, Jesus"]
[Result "0-1"]
[WhiteElo "2014"]
[BlackElo "2061"]
[PlyCount "70"]
[EventDate "2012.09.01"]
[EventType "swiss"]
[EventRounds "9"]
[EventCountry "ESP"]
[Source "lmi"]
[SourceDate "2012.09.01"]

1. d4 Nf6 2. Nf3 d5 3. Bf4 e6 4. e3 Bd6 5. Bxd6 Qxd6 6. c3 O-O 7. Bd3 c5 8. Ne5
c4 9. Bc2 Nc6 10. f4 Rb8 11. O-O b5 12. Nd2 b4 13. e4 Nd7 14. Nxd7 Bxd7 15. e5
Qe7 16. Qh5 g6 17. Qh6 bxc3 18. bxc3 Rb2 19. Rac1 f5 20. exf6 Qxf6 21. Nf3 Qg7
22. Qh4 Rxa2 23. Kh1 a5 24. Bb1 Rb2 25. Ne5 Nxe5 26. fxe5 a4 27. Kg1 Rfb8 28.
Bc2 a3 29. Qe1 a2 30. Qd1 Qh6 31. Ra1 Qe3+ 32. Kh1 Qxc3 33. Bxg6 hxg6 34. Qg4
Qd3 35. Rfd1 Rb1 0-1

[Event "3. Memorial Oliver Gonzalez 2012 - B"]
[Site "Madrid ESP"]
[Date "2012.09.09"]
[Round "9.4"]
[White "De Sousa Da Silva, Armando"]
[Black "Quintero Torres, Pedro"]
[Result "1-0"]
[WhiteElo "2014"]
[BlackElo "2053"]
[PlyCount "127"]
[EventDate "2012.09.01"]
[EventType "swiss"]
[EventRounds "9"]
[EventCountry "ESP"]
[Source "lmi"]
[SourceDate "2012.09.01"]

1. d4 Nf6 2. Nf3 g6 3. Bg5 Ne4 4. Bf4 Bg7 5. Nbd2 d5 6. e3 c5 7. c3 cxd4 8.
exd4 O-O 9. Bd3 Bf5 10. Qc2 Nxd2 11. Bxf5 Nxf3+ 12. gxf3 Nc6 13. Bd3 Rc8 14.
Qe2 Re8 15. O-O e5 16. dxe5 Nxe5 17. Bb5 Qf6 18. Be3 Nxf3+ 19. Kg2 Nh4+ 20. Kh1
Re5 21. Qg4 Qd8 22. Bd3 h5 23. Qh3 Nf5 24. Bf4 Ne7 25. Bxe5 Bxe5 26. Rae1 Bf6
27. f4 Rc6 28. f5 Kg7 29. fxg6 Nxg6 30. Qxh5 Qh8 31. Bxg6 fxg6 32. Qxd5 Qc8 33.
Rd1 Rc7 34. Qd6 Rf7 35. Qd5 Qg4 36. Rd2 Qh3 37. Qg2 Qe3 38. Rdf2 Qd3 39. Rf3
Qc4 40. b3 Qh4 41. Rf4 Qh5 42. Qf3 Qe5 43. Rxf6 Rxf6 44. Qxf6+ Qxf6 45. Rxf6
Kxf6 46. Kg2 Ke5 47. Kf3 a5 48. Ke3 Kf5 49. Kf3 g5 50. h3 Ke5 51. Kg4 Kf6 52.
a4 Kg6 53. b4 b6 54. bxa5 bxa5 55. c4 Kf6 56. c5 Ke5 57. Kxg5 Kd5 58. c6 Kxc6
59. h4 Kc5 60. h5 Kb4 61. h6 Kxa4 62. h7 Kb3 63. h8=Q a4 64. Qa1 1-0

[Event "3. Memorial Oliver Gonzalez 2012 - B"]
[Site "Madrid ESP"]
[Date "2012.09.09"]
[Round "9.5"]
[White "Sarto Ramos, Angel"]
[Black "Garcia Serrano, Jose M. Ii"]
[Result "0-1"]
[WhiteElo "2020"]
[BlackElo "1896"]
[PlyCount "112"]
[EventDate "2012.09.01"]
[EventType "swiss"]
[EventRounds "9"]
[EventCountry "ESP"]
[Source "lmi"]
[SourceDate "2012.09.01"]

1. c4 e5 2. Nc3 Nf6 3. g3 c6 4. Bg2 d5 5. cxd5 cxd5 6. Qb3 Nc6 7. Nxd5 Nd4 8.
Nxf6+ Qxf6 9. Qd1 Bf5 10. d3 Rc8 11. Rb1 Bb4+ 12. Kf1 O-O 13. Nf3 Qe6 14. b3
Qa6 15. Nxd4 exd4 16. a3 Bxa3 17. Bxa3 Qxa3 18. Bxb7 Rc7 19. Bd5 Bh3+ 20. Bg2
Bf5 21. Bf3 Bh3+ 22. Bg2 Bg4 23. h3 Rfc8 24. Bb7 Rc1 25. hxg4 Rxd1+ 26. Rxd1
Qxb3 27. Bxc8 Qxd1+ 28. Kg2 Qxe2 29. Bf5 g6 30. Be4 Qb2 31. Re1 a5 32. Bd5 a4
33. Re8+ Kg7 34. Re7 a3 35. Rxf7+ Kh6 36. Ra7 Kg5 37. Ra5 Qc3 38. f4+ Kf6 39.
g5+ Ke7 40. Ra7+ Kd6 41. Bc4 Qb2+ 42. Kf3 Kc5 43. g4 Qc1 44. Re7 a2 45. Bxa2
Qf1+ 46. Kg3 Qxd3+ 47. Kh4 Qd2 48. Kg3 Qxa2 49. Rxh7 d3 50. f5 d2 51. Rh1 Qb3+
52. Kh4 d1=Q 53. Rxd1 Qxd1 54. fxg6 Qh1+ 55. Kg3 Qh8 56. Kf4 Qg7 0-1